Trombinoscope Films d'animation #2 - Statistiques

Statistiques générales
  • Ce quiz a été pris 755 fois
  • Le résultat moyen est 52 sur 100
Statistiques - réponses
Hint Réponse % Correct
Bambi
90%
Les Minions
89%
Baby Boss
89%
Lilo et Stitch
88%
Les Simpson, le film
88%
Super Mario Bros. le film
88%
Le Grinch
87%
La Princesse et la Grenouille
87%
Les Aristochats
87%
Buzz l'Éclair
87%
Pinocchio
85%
Le Bossu de Notre-Dame
84%
Pokémon, le film : Mewtwo contre-attaque
84%
Angry Birds, le film
84%
La Grande Aventure Lego
84%
Robin des Bois
83%
Alice au pays des merveilles
83%
Le Monde secret des Émojis
82%
Élémentaire
82%
Merlin l'Enchanteur
82%
Les Mondes de Ralph
81%
Scooby !
81%
Spirit, l'étalon des plaines
80%
La Famille Addams
79%
Megamind
78%
Turbo
78%
Gang de requins
76%
Les As de la Jungle
75%
L'Apprenti Père Noël
75%
Un monstre à Paris
74%
Tintin et le Temple du Soleil
74%
Royal Corgi
73%
Anastasia
72%
Lucas, fourmi malgré lui
70%
Le Garçon et le Héron
69%
ROBOTS
67%
Le Robot Sauvage
67%
Minuscule
66%
Wish : Asha et la Bonne Étoile
66%
Tempete de boulettes géantes
65%
Porco Rosso
64%
Dingo et Max
62%
Gnoméo et Juliette
62%
Bee Movie
60%
Raya et le Dernier Dragon
60%
Abominable
58%
Le Pôle Express
58%
Sacrées Momies
57%
Migration
57%
Jack et la Mécanique du coeur
55%
Flow
54%
Le Dragon-génie
54%
Le Drôle de Noël de Scrooge
52%
Elio
52%
Monstres contre Aliens
51%
M. Peabody et Sherman : Les Voyages dans le temps
51%
Le Magasin des suicides
50%
Dofus, livre 1 : Julith
48%
Nos voisins, les hommes
44%
Horton
43%
Goat : Rêver plus haut
42%
Arrietty : Le Petit Monde des Chapardeurs
42%
Le Seigneur des Anneaux : La Guerre des Rohirrim
41%
Akira
40%
Albator, corsaire de l'espace
38%
Les Légendaires
36%
Bigfoot Junior
36%
Jumpers
36%
Ruby, l'ado Kraken
35%
Marcel et Monsieur Pagnol
34%
Yellow Submarine
32%
Ne Zha
30%
Silent Voice
28%
La Légende de Manolo
25%
L'Illusioniste
24%
Arco
24%
La Plus Précieuse des marchandises
24%
Fievel et le Nouveau Monde
22%
Zombillénium
20%
Kubo et l'Armure magique
20%
Avalonia : L'Étrange Voyage
20%
Miss Hokusai
20%
Belle
19%
Luck
19%
Ronal le Barbare
18%
Vaillante
18%
Les Incognitos
16%
Patéma et le Monde inversé
16%
Un été avec Coo
15%
L'Étrange Pouvoir de Norman
15%
Buffalo Kids
14%
Tokyo Godfathers
13%
Falcon Express
13%
Josep
13%
Les Bouchetrous
12%
Le Royaume de Naya
11%
Scarlet et l'Éternité
10%
Next Gen
10%
Panique au village
10%
Hopper et le Hamster des Ténèbres
8%
Aucun quiz correspondant
Distribution des résultats
% des personnes avec chaque résultat
Percentile par nombre de réponses
Votre historique - résultats
Vous n’avez pas pris ce quiz